000 00300nam a22001337a 4500
008 170411b xxu||||| |||| 00| 0 eng d
020 _a9781581104981
041 _aeng
080 _26 ED
_a618
100 _a10
101 _aSHM
245 _aNEONATAL RESUCITATION
_cKATTVINTEL.J
942 _2udc
_cBK
999 _c10319
_d10319